駅名に「土」を含む駅 - Statistics

General Stats
  • This quiz has been taken 119 times
  • The average score is 18 of 55
Answer Stats
Hint Answer % Correct
土浦市 土浦
98%
宇土市 宇土
69%
みなかみ町 土合
66%
土岐市 土岐市
62%
秋田市 土崎
60%
播磨町 土山
59%
香美市 土佐山田
52%
福岡市 土井
50%
湯沢町 土樽
48%
千葉市 土気
47%
豊田市 土橋
47%
広島市 土橋
47%
松山市 土橋
47%
寄居町 用土
45%
中土佐町 土佐久礼
45%
小谷村 中土
43%
近江八幡市 安土
43%
守口市 土居
43%
さいたま市 土呂
40%
高知市 土佐一宮
40%
黒潮町 土佐佐賀
40%
四万十町 土佐大正
36%
葛城市 尺土
33%
南国市 土佐長岡
33%
黒潮町 土佐入野
31%
宮崎市 佐土原
31%
花巻市 土沢
29%
荒川区 赤土小学校前
29%
大豊町 土佐穴内
29%
大豊町 土佐北川
29%
高知市 土佐大津
28%
四万十町 土佐昭和
28%
智頭町 土師
24%
美作市 美作土居
24%
大豊町 土佐岩原
24%
黒潮町 土佐上川口
24%
延岡市 土々呂
24%
上越市 土底浜
22%
四国中央市 伊予土居
22%
大田区 六郷土手
21%
福井市 大土呂
21%
川根本町 土本
21%
佐川町 土佐加茂
21%
長泉町 下土狩
19%
須崎市 土佐新荘
19%
十日町市 土市
17%
身延町 久那土
17%
藤井寺市 土師ノ里
17%
鹿角市 土深井
16%
横浜市 保土ケ谷
16%
横浜市 井土ヶ谷
14%
黒潮町 土佐白浜
14%
松野町 真土
10%
伊賀市 比土
9%
松山市 土居田
9%
No matching quizzes found
Score Distribution
Percent of People with Each Score
Percentile by Number Answered
Your Score History
You have not taken this quiz